Bayrische Dörfer - Sudden Death - Statistiken

Allgemein
  • Dieses Quiz wurde 170 mal gespielt
  • Das Durchschnittsergebnis liegt bei 3 aus 15
Answers on the Grid
Answers color-coded by a green-red scale on the quiz's grid according to % correct below.
Gundremingen
Oberdolling
Lauf an der pegnitz
Rosenau
Bad Berleburg
Burgberg
Riedelsbach
Gaishof
Neumark
Sulzdorf an der Lederhecke
Fall
Shenzhen
Geresheim
Baumgarten
Altomünster
Bad Kötzing
Kackenköpfe
Kotzen
Föderierte Staaten von Mikronesien
Gaden
Oberlindhart
Zuoz
Görz
Tihany
Zislow
Gröde
Albersdorf
Branderup
Bockhorn
Buch
 
Antwortstatistiken
Antwort % Korrekt
Lauf an der pegnitz
51%
Gundremingen
33%
Bad Kötzing
32%
Oberdolling
30%
Altomünster
26%
Buch
26%
Riedelsbach
14%
Gaishof
12%
Baumgarten
9%
Kackenköpfe
7%
Oberlindhart
6%
Gaden
5%
Sulzdorf an der Lederhecke
5%
Bockhorn
4%
Fall
4%
Keine übereinstimmenden Quizze gefunden
Verteilung der Resultate
Anzahl Personen mit jedem Resultat
Perzentil nach korrekt beantworteten Fragen
Ihre Resultats-Entwicklung
Sie haben dieses Quiz noch nicht gespielt